Т. 5 : Допросы подсудимых и речи адвокатов; Нюрнбергский процесс над главными немецкими военными преступниками

Bibliographic Details
Parent link:Нюрнбергский процесс над главными немецкими военными преступниками: сборник материалов/ под ред. Р. А. Руденко. Т. 5 : Допросы подсудимых и речи адвокатов.— , 1957-1961
Other Authors: Александров Г. Н. Георгий Николаевич (составитель), Волчков А. Ф., Карев Д. С., Рагинский М. Ю.
Language:Russian
Published: 1960
Subjects:
Format: MixedMaterials Book
KOHA link:https://koha.lib.tpu.ru/cgi-bin/koha/opac-detail.pl?biblionumber=141599

MARC

LEADER 00000nam2a2200000 4500
001 141599
005 20241009130255.0
035 |a (RuTPU)RU\TPU\book\153493 
090 |a 141599 
100 |a 20080822d1960 m y0rusy50 ca 
101 0 |a rus 
102 |a RU 
105 |a a z 000zy 
200 0 |a Т. 5 : Допросы подсудимых и речи адвокатов  |f сост. Г. Н. Александров, А. Ф. Волчков, Д. С. Карев, М. Ю. Рагинский 
210 |d 1960 
215 |a 864 с.  |c ил. 
461 1 |0 (RuTPU)RU\TPU\book\161542  |t Нюрнбергский процесс над главными немецкими военными преступниками  |o сборник материалов  |o в 7 т.  |f под ред. Р. А. Руденко  |v Т. 5 : Допросы подсудимых и речи адвокатов  |d 1957-1961 
606 |a Нюрнбергский процесс 1945-1946  |9 81289 
610 1 |a документы 
610 1 |a материалы 
610 1 |a подсудимые 
686 |2 rubbk  |a Т3(0)62,6 
702 1 |a Александров  |b Г. Н.  |g Георгий Николаевич  |4 220 
702 1 |a Волчков  |b А. Ф.  |4 220 
702 1 |a Карев  |b Д. С.  |4 220 
702 1 |a Рагинский  |b М. Ю.  |4 220 
801 1 |a RU  |b 63413507  |c 20080822  |g PSBO 
801 2 |a RU  |b 63413507  |c 20170901  |g PSBO 
942 |c BK